000 00403nam a22001697a 4500
005 20160628150635.0
008 160628b xxu||||| |||| 00| 0 eng d
020 _a978-93-80027-69-2
041 _aeng
082 _b11597
100 _aSharma, Neelam
_93097
245 _aR.C.C. Design & Drawing
260 _bKatson Books
_c2012
300 _a420
650 _aDiploma Engineering
_9817
942 _cBK
999 _c4501
_d4500